| 000 | 004960000a22001570004500 | ||
|---|---|---|---|
| 090 |
_aAR _b00934 |
||
| 245 | 1 | 0 | _aGrieta y puente de Icononzo |
| 650 | 1 | 4 |
_aGeología _993001 |
| 650 | 1 | 4 |
_aVegetación _992799 |
| 650 | 1 | 4 |
_aAccidentes geológicos _993597 |
| 651 | 4 |
_lRío Sumapaz _pColombia _992749 |
|
| 041 | 0 | _aEspañol | |
| 100 | 1 |
_aCuervo Márquez, Luis _993598 |
|
| 942 | _cARTICULO | ||
| 773 | 1 |
_tRevista de la Academia Colombiana de Ciencias Exactas, Fisicas y Naturales _332 _h? _q239-242 _d1940 _g3 |
|
| 999 |
_c10022 _d10022 |
||